000
00280 a2200121 4500
001
71586
082
_b
005.268 BRO
090
_c
38783
_d
38783
100
_a
Bronson, Gary J
245
_a
First Course Book of Visual C++
260
_a
Australia
_b
Vikas
_c
2000
300
_a
993p.
942
_a
CAE NUST
_k
005.268 BRO
999
_c
306659
_d
306659